Statistics for General Knowledge #3

Click here to take the quiz!

General Stats

  • This quiz has been taken 29 times
  • The average score is 11 of 25

Answer Stats

QuestionAnswer% Correct
Who was the first woman to win a Nobel Prize?Marie Curie
92%
Name either city destroyed by an atomic bomb.Hiroshima / Nagasaki
88%
What is the best-selling book series of the 21st century?Harry Potter
79%
Which English queen has the same name as a type of plum?Victoria
79%
How many ghosts chase Pac-Man at the start of each game?4
75%
What year did Elvis die?1977
67%
What was Roxanne's profession in the hit song by The Police?Prostitute
58%
Who was the tallest of Robin Hood's men?Little John
54%
Who discovered Penicillin?Alexander Fleming
50%
On what date is Bastille Day celebrated in France?July 14th
50%
Which mountain overlooks Cape Town in South Africa?Table Mountain
50%
In the nursery rhyme, what did the “Three Little Kittens” lose?Their mittens
50%
What is a young giraffe called?Calf
38%
What country has the highest life expectancy as of 2023?Monaco
38%
Which novel begins, "It was a bright cold day in April, and the clocks were striking thirteen."?Nineteen Eighty-Four
38%
At which racing circuit is the F1 British Grand Prix traditionally held?Silverstone
38%
Who sang the 2003 hit "Stacy's Mom"?Fountains of Wayne
29%
How many points did Michael Jordan score in his first NBA game?16
25%
Which actor played the Sixth Doctor in Doctor Who?Colin Baker
17%
What video game studio makes the Red Dead Redemption series?Rockstar Games
17%
In which English county would you find the theme park Alton Towers?Staffordshire
17%
What is a duel between three people called?Truel
17%
Who won the Australian Open Women’s Singles title in 2022?Ashleigh Barty
13%
Which grammy-nominated New York rapper died in April of 2021?DMX
13%
Which country features a shipwreck on its national flag?Bermuda
8%

Score Distribution

Percentile by Number Answered

Percent of People with Each Score

Your Score History

You have not taken this quiz